| 000 | 00352nam a2200145Ia 4500 | ||
|---|---|---|---|
| 100 | _aRainville .E.D./ Bedient .P.E. | ||
| 942 | _cBK | ||
| 654 | _adifferential equations | ||
| 245 | _aElementary differential equations | ||
| 260 |
_bMaxwell-Macmillan _aNew York _c1989 |
||
| 082 |
_a511 _bRAI/BED |
||
| 300 | _a546 | ||
| 546 | _aENGLISH | ||
| 999 |
_c19395 _d19395 |
||